Change Equation Effectiveness: Empirical Evidence from South-East Europe

Návrh kvantitatívneho modelu rozhodovania pre manažment, ktorý je založený na aplikácii rovnice pre zmenu v reálnom čase. Použitie tohto systému v praxi na vytvorenie hodnoty v komplexnom rozhodovaní a zvýšení úspechu zmien. Empirický zber dát zo 14 odvetví priemyslu z krajín juhovýchodnej Európy. H...

Ausführliche Beschreibung

Gespeichert in:
Bibliographische Detailangaben
1. Verfasser: Čudanov, Mladen
Weitere Verfasser: Tornjanski, Vesna, Jaško, Ondrej
Format: Buchkapitel
Sprache:Englisch
Schlagworte:
Tags: Tag hinzufügen
Keine Tags, Fügen Sie das erste Tag hinzu!

MARC

LEADER 00000naa a2200000 4500
001 0252933
005 20220719115503.8
041 0 |a eng 
044 |a CZ 
245 1 0 |a Change Equation Effectiveness: Empirical Evidence from South-East Europe  |c Mladen Čudanov, Vesna Tornjanski, Ondrej Jaško 
520 |a Návrh kvantitatívneho modelu rozhodovania pre manažment, ktorý je založený na aplikácii rovnice pre zmenu v reálnom čase. Použitie tohto systému v praxi na vytvorenie hodnoty v komplexnom rozhodovaní a zvýšení úspechu zmien. Empirický zber dát zo 14 odvetví priemyslu z krajín juhovýchodnej Európy. Hodnotenie úspešnosti rovnice pre zmenu predpovedať výsledok a premenlivosť zmien. 
610 2 0 |a podnikanie 
610 2 0 |a ukazovatele kvantitatívne 
610 2 0 |a modely ekonomicko-matematické 
610 2 0 |a Balkán 
610 2 0 |a Európa 
610 2 0 |a manažment 
610 2 0 |a analýza dát 
610 2 0 |a rozhodovanie 
100 1 |a Čudanov, Mladen 
700 1 |a Tornjanski, Vesna 
700 1 |a Jaško, Ondrej